[Event "POR-chT2 final"]
[Site "Evora"]
[Date "2019.07.20"]
[Round "1.1"]
[White "Constantino, Gudlack"]
[Black "Pais, Bruno Miguel Dos Sa"]
[Result "1-0"]
[WhiteElo "1967"]
[BlackElo "1830"]
[PlyCount "57"]
[EventDate "2019.07.20"]
[EventType "team-tourn"]
[EventRounds "3"]
[EventCountry "POR"]
[SourceTitle "CBM 192 Extra"]
[Source "Chessbase"]
[SourceDate "2019.11.06"]
[SourceVersion "1"]
[SourceVersionDate "2019.11.06"]
[SourceQuality "1"]
[WhiteTeam "Dias Ferreira II"]
[BlackTeam "Coimbra II"]
[WhiteTeamCountry "POR"]
[BlackTeamCountry "POR"]

1. e4 c5 2. Nf3 e6 3. d4 cxd4 4. Nxd4 Nf6 5. Nc3 d6 6. Bg5 Be7 7. Qd2 a6 8. 0-0-0 b5 9. f3 b4 10. Nb1 Qb6 11. Be3 Qb7 12. g4 h6 13. h4 Nfd7 14. g5 hxg5 15. Bxg5 Bf8 16. Bg2 Nc5 17. Rhe1 Nbd7 18. Nf5 f6 19. Be3 exf5 20. Bxc5 Nxc5 21. exf5+ Kd8 22. f4 Qb8 23. Bxa8 Qxa8 24. Qxb4 Qc6 25. Nc3 Bxf5 26. Nd5 Nd3+ 27. Rxd3 Bxd3 28. Qb8+ Qc8 29. Re8+ 1-0

[Event "Figueira da Foz op 12th"]
[Site "Figueira da Foz"]
[Date "2018.10.28"]
[Round "1"]
[White "Alshameary Puente, Ismael"]
[Black "Pais, Bruno Miguel Dos Sa"]
[Result "1-0"]
[WhiteElo "2369"]
[BlackElo "1836"]
[PlyCount "65"]
[EventDate "2018.10.28"]
[EventType "swiss"]
[EventRounds "9"]
[EventCountry "POR"]
[SourceTitle "CBM 187 Extra"]
[Source "ChessBase"]
[SourceDate "2018.11.04"]
[SourceVersion "1"]
[SourceVersionDate "2018.11.04"]
[SourceQuality "1"]

1. d4 d5 2. c4 c6 3. Nf3 Nf6 4. Nc3 e6 5. Bg5 Nbd7 6. Qc2 Qa5 7. Nd2 Bb4 8. a3 Ne4 9. Ndxe4 dxe4 10. Bd2 f5 11. Nxe4 Bxd2+ 12. Nxd2 Nf6 13. e3 0-0 14. b4 Qc7 15. Nf3 b6 16. c5 b5 17. Be2 Bd7 18. 0-0 a5 19. Ne5 Nd5 20. Bf3 axb4 21. e4 fxe4 22. Bxe4 Nf6 23. axb4 Nxe4 24. Qxe4 Rac8 25. Ra3 Rf6 26. Rh3 h6 27. g4 g5 28. f4 Rcf8 29. Rhf3 Be8 30. fxg5 Rxf3 31. Rxf3 Rxf3 32. Nxf3 hxg5 33. Nxg5 1-0

[Event "Figueira da Foz op 10th"]
[Site "Figueira da Foz"]
[Date "2016.10.30"]
[Round "1"]
[White "Bogdanov, Egor"]
[Black "Pais, Bruno Miguel Dos Sa"]
[Result "1-0"]
[WhiteElo "2400"]
[BlackElo "1820"]
[PlyCount "73"]
[EventDate "2016.10.30"]
[EventType "swiss"]
[EventRounds "9"]
[EventCountry "POR"]
[SourceTitle "CBM 175 Extra"]
[Source "ChessBase"]
[SourceDate "2016.12.12"]
[SourceVersion "1"]
[SourceVersionDate "2016.12.12"]
[SourceQuality "1"]

1. e4 c5 2. c3 Nf6 3. e5 Nd5 4. d4 cxd4 5. Nf3 Nc6 6. cxd4 d6 7. Bc4 Nb6 8. Bb5 dxe5 9. Nxe5 Bd7 10. Bxc6 Bxc6 11. 0-0 e6 12. Qg4 Nd5 13. Bg5 Nf6 14. Bxf6 Qxf6 15. Nxc6 bxc6 16. Qe4 Rc8 17. Rc1 Qg5 18. Nc3 Be7 19. Rc2 Qg6 20. Rac1 Bg5 21. Re1 0-0 22. Qxg6 hxg6 23. Ne4 Be7 24. Kf1 Rfd8 25. Rc4 Rb8 26. b3 Rb4 27. Rxc6 Rbxd4 28. g3 Bb4 29. Re2 a5 30. h4 Be7 31. Ra6 R4d5 32. Rc2 Re5 33. Rc4 f5 34. Ng5 Bxg5 35. hxg5 Rd1+ 36. Kg2 f4 37. Rc8+ 1-0

[Event "Figueira da Foz op 8th"]
[Site "Figueira da Foz"]
[Date "2014.11.29"]
[Round "8"]
[White "Paunovic, Dragan"]
[Black "Pais, Bruno Miguel Dos Sa"]
[Result "1-0"]
[WhiteElo "2473"]
[BlackElo "1730"]
[PlyCount "49"]
[EventDate "2014.11.23"]
[EventType "swiss"]
[EventRounds "9"]
[EventCountry "POR"]
[SourceTitle "CBM 163 Extra"]
[Source "ChessBase"]
[SourceDate "2014.12.23"]
[SourceVersion "1"]
[SourceVersionDate "2014.12.23"]
[SourceQuality "1"]

1. c4 g6 2. g3 Bg7 3. Bg2 Nf6 4. Nf3 0-0 5. 0-0 d5 6. cxd5 Nxd5 7. Nc3 Nc6 8. d4 Nb6 9. d5 Na5 10. e4 c6 11. Bg5 h6 12. Bf4 Nac4 13. Qe2 g5 14. Bc1 Bg4 15. h3 Bh5 16. g4 Bg6 17. Rd1 Qc7 18. a4 a5 19. h4 Ne5 20. Nxe5 Qxe5 21. hxg5 hxg5 22. Be3 Ra6 23. dxc6 Nc4 24. Qxc4 Rxc6 25. Qd5 1-0

[Event "Figueira da Foz op 8th"]
[Site "Figueira da Foz"]
[Date "2014.11.23"]
[Round "1"]
[White "Pais, Bruno Miguel Dos Sa"]
[Black "Rego, Pedro Filipe"]
[Result "0-1"]
[WhiteElo "1730"]
[BlackElo "2284"]
[PlyCount "54"]
[EventDate "2014.11.23"]
[EventType "swiss"]
[EventRounds "9"]
[EventCountry "POR"]
[SourceTitle "CBM 163 Extra"]
[Source "ChessBase"]
[SourceDate "2014.12.23"]
[SourceVersion "1"]
[SourceVersionDate "2014.12.23"]
[SourceQuality "1"]

1. d4 Nf6 2. Nf3 e6 3. c4 b6 4. Nc3 Bb7 5. Qc2 Bb4 6. a3 Bxc3+ 7. Qxc3 Ne4 8. Qc2 0-0 9. e3 d6 10. Bd3 f5 11. b4 Nd7 12. Bb2 Ng5 13. d5 Nxf3+ 14. gxf3 Ne5 15. Be2 exd5 16. Qc3 Qe7 17. Rg1 d4 18. Qxd4 Bxf3 19. h3 f4 20. e4 Rf7 21. Qd5 c6 22. Qd4 Qe6 23. Bf1 Bh5 24. Be2 Bxe2 25. Kxe2 Qxc4+ 26. Qxc4 Nxc4 27. Bc3 Re8 0-1

[Event "Coimbra op"]
[Site "Coimbra"]
[Date "2014.04.27"]
[Round "7"]
[White "Pais, Bruno Miguel Dos Sa"]
[Black "Oliveira, Joao Andre CD"]
[Result "1/2-1/2"]
[WhiteElo "1730"]
[BlackElo "1554"]
[PlyCount "28"]
[EventDate "2014.04.25"]
[EventType "swiss"]
[EventRounds "7"]
[EventCountry "POR"]
[SourceTitle "CBM 160 Extra"]
[Source "ChessBase"]
[SourceDate "2014.07.01"]
[SourceVersion "1"]
[SourceVersionDate "2014.07.01"]
[SourceQuality "1"]

1. g3 g6 2. Bg2 Bg7 3. Nf3 Nf6 4. 0-0 0-0 5. d3 d6 6. Nbd2 c5 7. c4 Nbd7 8. Qc2 Qc7 9. Re1 Re8 10. Nf1 Nf8 11. Bd2 Ne6 12. Bc3 Bd7 13. a3 Rab8 14. b4 b5 1/2-1/2

[Event "Figueira da Foz op 7th"]
[Site "Figueira da Foz"]
[Date "2010.11.07"]
[Round "9.20"]
[White "Bray, Daniel Jose Freire"]
[Black "Pais, Bruno Miguel Dos Sa"]
[Result "1/2-1/2"]
[WhiteElo "1945"]
[BlackElo "1697"]
[PlyCount "94"]
[EventDate "2010.10.31"]
[EventType "swiss"]
[EventRounds "9"]
[EventCountry "POR"]
[SourceTitle "EXT 2011"]
[Source "ChessBase"]
[SourceDate "2010.11.26"]
[SourceVersion "1"]
[SourceVersionDate "2010.11.26"]
[SourceQuality "1"]

1. d4 Nf6 2. c4 c6 3. Nc3 d5 4. Nf3 Nbd7 5. Bf4 e6 6. e3 Qa5 7. Nd2 Bb4 8. Qc2 Ne4 9. Ndxe4 dxe4 10. Be2 0-0 11. 0-0 f5 12. c5 Bxc3 13. bxc3 Nf6 14. c4 b6 15. Rab1 bxc5 16. Bd6 Re8 17. dxc5 Rd8 18. Rfd1 Kf7 19. Rb3 Nd7 20. Qb2 Re8 21. Ra3 Qd8 22. f3 Qg5 23. fxe4 fxe4 24. Rf1+ Kg8 25. Qd4 Nf6 26. Be5 Nd7 27. Bd6 Nf6 28. Bd1 e5 29. Qd2 h5 30. Ba4 Bd7 31. Kh1 h4 32. Qf2 Rec8 33. Rb3 Be6 34. Rc3 h3 35. Qg3 hxg2+ 36. Kxg2 Qxg3+ 37. Kxg3 Nd7 38. Bc2 a5 39. Bxe4 a4 40. Rb1 Ra5 41. Rb4 Kf7 42. Ra3 Nxc5 43. Bxc5 Rxc5 44. Raxa4 Rh8 45. h4 Kf6 46. Rb6 Rc8 47. Bd3 Rc7 1/2-1/2

[Event "Figueira da Foz op 7th"]
[Site "Figueira da Foz"]
[Date "2010.11.01"]
[Round "3.22"]
[White "Pais, Bruno Miguel Dos Sa"]
[Black "Durao, Joaquim Manuel"]
[Result "0-1"]
[WhiteElo "1697"]
[BlackElo "2009"]
[PlyCount "60"]
[EventDate "2010.10.31"]
[EventType "swiss"]
[EventRounds "9"]
[EventCountry "POR"]
[SourceTitle "EXT 2011"]
[Source "ChessBase"]
[SourceDate "2010.11.26"]
[SourceVersion "1"]
[SourceVersionDate "2010.11.26"]
[SourceQuality "1"]

1. d4 Nf6 2. c4 g6 3. Nc3 Bg7 4. Nf3 d6 5. e4 0-0 6. Be2 e5 7. dxe5 dxe5 8. Bg5 Qxd1+ 9. Rxd1 c6 10. 0-0 Nbd7 11. b4 a5 12. b5 Re8 13. Rd6 h6 14. Bxf6 Nxf6 15. Rfd1 cxb5 16. cxb5 Bg4 17. h3 Rac8 18. R1d3 Rxc3 19. Rxc3 Nxe4 20. hxg4 Nxc3 21. Bc4 Rc8 22. Nd2 Nb1 23. Rd7 Nxd2 24. Bxf7+ Kf8 25. Bxg6 Rc1+ 26. Kh2 Nf1+ 27. Kh3 e4 28. Bxe4 Be5 29. Bxb7 Ng3 30. g5 h5 0-1

[Event "Coimbra op"]
[Site "Coimbra"]
[Date "2010.06.12"]
[Round "4"]
[White "Andias, Joao Pedro Menezes"]
[Black "Pais, Bruno Miguel Dos Sa"]
[Result "1-0"]
[WhiteElo "1806"]
[BlackElo "1708"]
[PlyCount "53"]
[EventDate "2010.06.10"]
[EventType "swiss"]
[EventRounds "6"]
[EventCountry "POR"]
[SourceTitle "CBM 137 Extra"]
[Source "ChessBase"]
[SourceDate "2010.09.01"]
[SourceVersion "1"]
[SourceVersionDate "2010.09.01"]
[SourceQuality "1"]

1. e4 c5 2. Nc3 e6 3. f4 a6 4. Nf3 Nc6 5. g3 d6 6. Bg2 Qc7 7. 0-0 b5 8. d3 Bb7 9. Be3 Nf6 10. h3 Be7 11. Ne2 b4 12. g4 h5 13. g5 Nd7 14. Nh4 e5 15. f5 Nd4 16. Ng3 Qd8 17. Qd2 a5 18. c3 Nb5 19. f6 gxf6 20. Qf2 Bc8 21. Ngf5 Bf8 22. gxf6 Nxf6 23. Ng7+ Kd7 24. d4 cxd4 25. cxd4 Ke7 26. dxe5 dxe5 27. Bb6 1-0

[Event "Coimbra op"]
[Site "Coimbra"]
[Date "2010.06.11"]
[Round "2"]
[White "Diogo, Vasco Andre Marcalo"]
[Black "Pais, Bruno Miguel Dos Sa"]
[Result "1-0"]
[WhiteElo "2303"]
[BlackElo "1708"]
[PlyCount "71"]
[EventDate "2010.06.10"]
[EventType "swiss"]
[EventRounds "6"]
[EventCountry "POR"]
[SourceTitle "CBM 137 Extra"]
[Source "ChessBase"]
[SourceDate "2010.09.01"]
[SourceVersion "1"]
[SourceVersionDate "2010.09.01"]
[SourceQuality "1"]

1. e4 c5 2. Nf3 e6 3. d3 Nc6 4. g3 b5 5. Bg2 Bb7 6. 0-0 Be7 7. c3 Nf6 8. Re1 d6 9. d4 0-0 10. Nbd2 Re8 11. dxc5 dxc5 12. e5 Nd7 13. Qe2 a6 14. h4 Qc7 15. Nf1 Rad8 16. Bf4 h5 17. Ng5 g6 18. g4 hxg4 19. Nh2 Kg7 20. Nxg4 Rh8 21. Bg3 Na5 22. Bxb7 Qxb7 23. f4 Nf8 24. Rad1 Nh7 25. Ne4 Rd5 26. Rxd5 Qxd5 27. Rd1 Qxa2 28. h5 Rd8 29. h6+ Kh8 30. Nd6 Kg8 31. Bf2 Bxd6 32. exd6 Nb7 33. Bh4 Rb8 34. Ne5 Nf8 35. h7+ Kg7 36. Qh2 1-0